[Event "Stay Safe Play From Home 372."]
[Site "Emanuel Lasker Arena"]
[Date "2020.08.10"]
[Round "8"]
[White "Lazieri3"]
[Black "Kongle"]
[Result "1-0"]
[WhiteElo "1977"]
[BlackElo "1674"]
[PlyCount "65"]
[EventDate "2020.08.10"]
[EventType "swiss (blitz)"]

1. e4 {[%emt 0:00:01]} d5 {[%emt 0:00:05]} 2. Nc3 {[%emt 0:00:00]} d4 {[%emt 0:00:01]} 3. Nce2 {[%emt 0:00:02]} c5 {[%emt 0:00:01]} 4. d3 {[%emt 0:00:01]} Nc6 {[%emt 0:00:01]} 5. g3 {[%emt 0:00:00]} e5 {[%emt 0:00:01]} 6. Bg2 {[%emt 0:00:00]} Bd6 {[%emt 0:00:01]} 7. f4 {[%emt 0:00:00]} Bg4 {[%emt 0:00:03]} 8. Nf3 {[%emt 0:00:01]} exf4 {[%emt 0:00:02]} 9. Bxf4 {[%emt 0:00:01]} Bxf4 {[%emt 0:00:04]} 10. Nxf4 {[%emt 0:00:00]} Ne5 {[%emt 0:00:03]} 11. O-O {[%emt 0:00:01]} Nf6 {[%emt 0:00:06]} 12. Qd2 {[%emt 0:00:02]} Nxf3+ {[%emt 0:00:05]} 13. Bxf3 {[%emt 0:00:00]} Bh3 {[%emt 0:00:01]} 14. Nxh3 {[%emt 0:00:02]} O-O {[%emt 0:00:02]} 15. e5 {[%emt 0:00:01]} Nd5 {[%emt 0:00:03]} 16. Nf4 {[%emt 0:00:05]} Ne3 {[%emt 0:00:03]} 17. Rfe1 {[%emt 0:00:01]} g5 {[%emt 0:00:02]} 18. Nh5 {[%emt 0:00:03]} f5 {[%emt 0:00:05]} 19. exf6 {[%emt 0:00:13]} Qd6 {[%emt 0:00:10]} 20. Rxe3 {[%emt 0:00:03]} dxe3 {[%emt 0:00:02]} 21. Qxe3 {[%emt 0:00:00]} h6 {[%emt 0:00:01]} 22. Re1 {[%emt 0:00:11]} Rf7 {[%emt 0:00:11]} 23. Qe4 {[%emt 0:00:16]} Qd4+ {[%emt 0:00:12]} 24. Qxd4 {[%emt 0:00:03]} cxd4 {[%emt 0:00:01]} 25. Bd5 {[%emt 0:00:00]} Rc8 {[%emt 0:00:05]} 26. Bxf7+ {[%emt 0:00:04]} Kxf7 {[%emt 0:00:01]} 27. Re7+ {[%emt 0:00:06]} Kg6 {[%emt 0:00:01]} 28. g4 {[%emt 0:00:01]} Rg8 {[%emt 0:00:12]} 29. Kf2 {[%emt 0:00:01]} b5 {[%emt 0:00:07]} 30. Rxa7 {[%emt 0:00:01]} b4 {[%emt 0:00:05]} 31. Kf3 {[%emt 0:00:01]} b3 {[%emt 0:00:13]} 32. cxb3 {[%emt 0:00:04]} Rf8 {[%emt 0:00:13]} 33. Rg7# {[%emt 0:00:03] (Lag: Av=0.69s, max=1.2s) (Lag: Av=0.69s, max=1.2s) (Lag: Av=0.69s, max=1.2s) (Lag: Av=0.69s, max=1.2s) (Lag: Av=0.69s, max=1.2s)} 1-0

[Event "Stay Safe Play From Home 372."]
[Site "Emanuel Lasker Arena"]
[Date "2020.08.10"]
[Round "8"]
[White "ionelluca"]
[Black "MarkonY"]
[Result "0-1"]
[WhiteElo "1945"]
[BlackElo "2341"]
[PlyCount "92"]
[EventDate "2020.08.10"]
[EventType "swiss (blitz)"]

1. e4 {[%emt 0:00:02]} c5 {[%emt 0:00:01]} 2. b4 {[%emt 0:00:04]} cxb4 {[%emt 0:00:01]} 3. a3 {[%emt 0:00:01]} d5 {[%emt 0:00:01]} 4. exd5 {[%emt 0:00:03]} bxa3 {[%emt 0:00:02]} 5. Nc3 {[%emt 0:00:03]} Nf6 {[%emt 0:00:01]} 6. Bxa3 {[%emt 0:00:05]} Nxd5 {[%emt 0:00:02]} 7. Bb5+ {[%emt 0:00:01]} Bd7 {[%emt 0:00:12]} 8. Nxd5 {[%emt 0:00:17]} Bxb5 {[%emt 0:00:01]} 9. Nc3 {[%emt 0:00:10]} Bc6 {[%emt 0:00:02]} 10. Nf3 {[%emt 0:00:01]} e6 {[%emt 0:00:02]} 11. Bxf8 {[%emt 0:00:02]} Kxf8 {[%emt 0:00:01]} 12. O-O {[%emt 0:00:01]} Qc7 {[%emt 0:00:11]} 13. Qe2 {[%emt 0:00:04]} Nd7 {[%emt 0:00:03]} 14. Qe3 {[%emt 0:00:01]} a6 {[%emt 0:00:07]} 15. Rfb1 {[%emt 0:00:02]} Rd8 {[%emt 0:00:03]} 16. h3 {[%emt 0:00:02]} Nf6 {[%emt 0:00:01]} 17. Nd4 {[%emt 0:00:11]} Nd5 {[%emt 0:00:05]} 18. Nxd5 {[%emt 0:00:06]} Bxd5 {[%emt 0:00:00]} 19. c3 {[%emt 0:00:01]} e5 {[%emt 0:00:11]} 20. Ne2 {[%emt 0:00:06]} f6 {[%emt 0:00:09]} 21. d4 {[%emt 0:00:04]} Kf7 {[%emt 0:00:12]} 22. Ng3 {[%emt 0:00:20]} exd4 {[%emt 0:00:09]} 23. cxd4 {[%emt 0:00:02]} Rhe8 {[%emt 0:00:02]} 24. Qd3 {[%emt 0:00:06]} Kg8 {[%emt 0:00:04]} 25. Rc1 {[%emt 0:00:01]} Qf4 {[%emt 0:00:06]} 26. Re1 {[%emt 0:00:16]} g6 {[%emt 0:00:15]} 27. Re3 {[%emt 0:00:03]} Rxe3 {[%emt 0:00:03]} 28. Qxe3 {[%emt 0:00:01]} Qxe3 {[%emt 0:00:01]} 29. fxe3 {[%emt 0:00:01]} f5 {[%emt 0:00:01]} 30. Ne2 {[%emt 0:00:02]} Rc8 {[%emt 0:00:03]} 31. Nf4 {[%emt 0:00:03]} Be4 {[%emt 0:00:01]} 32. h4 {[%emt 0:00:08]} Kf7 {[%emt 0:00:02]} 33. Ra5 {[%emt 0:00:02]} Rc1+ {[%emt 0:00:06]} 34. Kf2 {[%emt 0:00:01]} Rc2+ {[%emt 0:00:01]} 35. Kg3 {[%emt 0:00:01]} h6 {[%emt 0:00:01]} 36. Rc5 {[%emt 0:00:03]} Rxc5 {[%emt 0:00:02]} 37. dxc5 {[%emt 0:00:01]} a5 {[%emt 0:00:01]} 38. Ne2 {[%emt 0:00:05]} a4 {[%emt 0:00:02]} 39. Nd4 {[%emt 0:00:03]} a3 {[%emt 0:00:01]} 40. Nb3 {[%emt 0:00:02]} g5 {[%emt 0:00:02]} 41. hxg5 {[%emt 0:00:03]} hxg5 {[%emt 0:00:00]} 42. Kf2 {[%emt 0:00:01]} Ke6 {[%emt 0:00:01]} 43. g3 {[%emt 0:00:01]} Kd5 {[%emt 0:00:01]} 44. Ke2 {[%emt 0:00:04]} a2 {[%emt 0:00:01]} 45. Na1 {[%emt 0:00:01]} Kc4 {[%emt 0:00:01]} 46. Kd2 {[%emt 0:00:01]} Kxc5 {[%emt 0:00:01] Time Time Time Time Time (Lag: Av=0.49s, max=1.8s) (Lag: Av=0.49s, max=1.8s) (Lag: Av=0.49s, max=1.8s) (Lag: Av=0.49s, max=1.8s) (Lag: Av=0.49s, max=1.8s)} 0-1

[Event "Stay Safe Play From Home 372."]
[Site "Emanuel Lasker Arena"]
[Date "2020.08.10"]
[Round "8"]
[White "Haris kollari 13"]
[Black "Padmaesh M K"]
[Result "1-0"]
[WhiteElo "1935"]
[BlackElo "1942"]
[Annotator "NA"]
[PlyCount "89"]
[EventDate "2020.08.10"]
[EventType "swiss (blitz)"]

1. e4 {[%emt 0:00:02]} e5 {[%emt 0:00:02]} 2. f4 {[%emt 0:00:01]} d5 {[%emt 0:00:02]} 3. d4 {[%emt 0:00:01]} dxe4 {[%emt 0:00:02]} 4. fxe5 {[%emt 0:00:02]} c5 {[%emt 0:00:03]} 5. c3 {[%emt 0:00:01]} Nc6 {[%emt 0:00:02]} 6. Be3 {[%emt 0:00:01]} cxd4 {[%emt 0:00:01]} 7. cxd4 {[%emt 0:00:01]} Bb4+ {[%emt 0:00:01]} 8. Nc3 {[%emt 0:00:01]} Nh6 {[%emt 0:00:02]} 9. d5 {[%emt 0:00:16]} Nxe5 {[%emt 0:00:04]} 10. Qa4+ {[%emt 0:00:02]} Qd7 {[%emt 0:00:06]} 11. Qxb4 {[%emt 0:00:01]} Nhg4 {[%emt 0:00:03]} 12. Qxe4 {[%emt 0:00:07]} O-O {[%emt 0:00:02]} 13. O-O-O {[%emt 0:00:06]} Re8 {[%emt 0:00:03]} 14. Bd4 {[%emt 0:00:14]} Nc4 {[%emt 0:00:08]} 15. Qf4 {[%emt 0:00:17]} Nce3 {[%emt 0:00:12]} 16. Re1 {[%emt 0:00:12]} Qf5 {[%emt 0:00:36]} 17. Qxf5 {[%emt 0:00:07]} Bxf5 {[%emt 0:00:00]} 18. Nf3 {[%emt 0:00:04]} Nf2 {[%emt 0:00:14]} 19. Bb5 {[%emt 0:00:12]} Nc2 {[%emt 0:00:22]} 20. Rxe8+ {[%emt 0:00:04]} Rxe8 {[%emt 0:00:02]} 21. Bxe8 {[%emt 0:00:03]} Nxh1 {[%emt 0:00:02]} 22. Bc5 {[%emt 0:00:08]} b6 {[%emt 0:00:02]} 23. Bg1 {[%emt 0:00:02]} Kf8 {[%emt 0:00:03]} 24. Bc6 {[%emt 0:00:03]} Nb4 {[%emt 0:00:02]} 25. a3 {[%emt 0:00:02]} Nd3+ {[%emt 0:00:01]} 26. Kd2 {[%emt 0:00:02]} Nxb2 {[%emt 0:00:01]} 27. Nd4 {[%emt 0:00:01]} Nc4+ {[%emt 0:00:02]} 28. Ke2 {[%emt 0:00:04]} Bg4+ {[%emt 0:00:06]} 29. Kd3 {[%emt 0:00:03]} Nd6 {[%emt 0:00:03]} 30. Ncb5 {[%emt 0:00:03]} Nxb5 {[%emt 0:00:04]} 31. Nxb5 {[%emt 0:00:01]} a6 {[%emt 0:00:02]} 32. Nd4 {[%emt 0:00:03]} Ke7 {[%emt 0:00:02]} 33. Bb7 {[%emt 0:00:05]} a5 {[%emt 0:00:02]} 34. Nb5 {[%emt 0:00:02]} Kd7 {[%emt 0:00:01]} 35. Bc6+ {[%emt 0:00:02]} Kd8 {[%emt 0:00:04]} 36. d6 {[%emt 0:00:01]} Bf5+ {[%emt 0:00:02]} 37. Kc3 {[%emt 0:00:02]} Be6 {[%emt 0:00:02]} 38. Bxb6+ {[%emt 0:00:01]} Kc8 {[%emt 0:00:02]} 39. g3 {[%emt 0:00:01]} Bd7 {[%emt 0:00:04]} 40. Na7+ {[%emt 0:00:03]} Kb8 {[%emt 0:00:02]} 41. Bxd7 {[%emt 0:00:03]} Nxg3 {[%emt 0:00:00]} 42. hxg3 {[%emt 0:00:01]} h5 {[%emt 0:00:00]} 43. Bc6 {[%emt 0:00:01]} h4 {[%emt 0:00:00]} 44. d7 {[%emt 0:00:01]} hxg3 {[%emt 0:00:01]} 45. d8=Q# {[%emt 0:00:00] (Lag: Av=0.56s, max=0.9s) (Lag: Av=0.56s, max=0.9s) (Lag: Av=0.56s, max=0.9s) (Lag: Av=0.56s, max=0.9s) (Lag: Av=0.56s, max=0.9s)} 1-0

[Event "Stay Safe Play From Home 372."]
[Site "Emanuel Lasker Arena"]
[Date "2020.08.10"]
[Round "8"]
[White "Greblah"]
[Black "SelamiSahin"]
[Result "0-1"]
[WhiteElo "1930"]
[BlackElo "2163"]
[PlyCount "116"]
[EventDate "2020.08.10"]
[EventType "swiss (blitz)"]

{- Yarar, Atakan} 1. e4 {[%emt 0:00:01]} c6 {[%emt 0:00:04]} 2. d4 {[%emt 0:00:02]} d5 {[%emt 0:00:00]} 3. exd5 {[%emt 0:00:01]} cxd5 {[%emt 0:00:00]} 4. Bd3 {[%emt 0:00:01]} Nc6 {[%emt 0:00:01]} 5. c3 {[%emt 0:00:01]} Qc7 {[%emt 0:00:01]} 6. Ne2 {[%emt 0:00:01]} Bg4 {[%emt 0:00:01]} 7. O-O {[%emt 0:00:01]} e6 {[%emt 0:00:00]} 8. Qe1 {[%emt 0:00:01]} Bd6 {[%emt 0:00:01]} 9. f3 {[%emt 0:00:01]} Bh5 {[%emt 0:00:01]} 10. Qh4 {[%emt 0:00:01]} Bg6 {[%emt 0:00:03]} 11. Bxg6 {[%emt 0:00:02]} fxg6 {[%emt 0:00:00]} 12. Nf4 {[%emt 0:00:04]} Nd8 {[%emt 0:00:12]} 13. Nxg6 {[%emt 0:00:05]} hxg6 {[%emt 0:00:08]} 14. Qxh8 {[%emt 0:00:01]} Kf7 {[%emt 0:00:02]} 15. Bg5 {[%emt 0:00:25]} Nc6 {[%emt 0:00:05]} 16. Qh3 {[%emt 0:00:16]} Nge7 {[%emt 0:00:06]} 17. Bxe7 {[%emt 0:00:05]} Nxe7 {[%emt 0:00:00]} 18. Nd2 {[%emt 0:00:08]} Qb6 {[%emt 0:00:01]} 19. Nb3 {[%emt 0:00:03]} a5 {[%emt 0:00:01]} 20. Rf2 {[%emt 0:00:04]} a4 {[%emt 0:00:01]} 21. Nc1 {[%emt 0:00:01]} Rc8 {[%emt 0:00:02]} 22. Nd3 {[%emt 0:00:01]} a3 {[%emt 0:00:03]} 23. Re1 {[%emt 0:00:02]} Nf5 {[%emt 0:00:05]} 24. Ne5+ {[%emt 0:00:08]} Bxe5 {[%emt 0:00:01]} 25. Rxe5 {[%emt 0:00:02]} axb2 {[%emt 0:00:01]} 26. Rxb2 {[%emt 0:00:05]} Qxb2 {[%emt 0:00:01]} 27. g4 {[%emt 0:00:01]} Qc1+ {[%emt 0:00:07]} 28. Qf1 {[%emt 0:00:03]} Qxf1+ {[%emt 0:00:03]} 29. Kxf1 {[%emt 0:00:01]} Nd6 {[%emt 0:00:08]} 30. Re3 {[%emt 0:00:04]} Nb5 {[%emt 0:00:03]} 31. a4 {[%emt 0:00:13]} Rxc3 {[%emt 0:00:05]} 32. Re2 {[%emt 0:00:06]} Nxd4 {[%emt 0:00:01]} 33. Rb2 {[%emt 0:00:03]} Rxf3+ {[%emt 0:00:01]} 34. Kg2 {[%emt 0:00:01]} Rb3 {[%emt 0:00:00]} 35. Ra2 {[%emt 0:00:02]} Nc6 {[%emt 0:00:04]} 36. h4 {[%emt 0:00:04]} e5 {[%emt 0:00:02]} 37. Rf2+ {[%emt 0:00:08]} Ke6 {[%emt 0:00:01]} 38. Rf8 {[%emt 0:00:02]} e4 {[%emt 0:00:02]} 39. Re8+ {[%emt 0:00:02]} Ne7 {[%emt 0:00:01]} 40. Kf2 {[%emt 0:00:06]} d4 {[%emt 0:00:01]} 41. Rd8 {[%emt 0:00:01]} d3 {[%emt 0:00:01]} 42. Ke3 {[%emt 0:00:01]} Ke5 {[%emt 0:00:02]} 43. Re8 {[%emt 0:00:01]} Ke6 {[%emt 0:00:15]} 44. Kxe4 {[%emt 0:00:01]} Kd7 {[%emt 0:00:03]} 45. Rf8 {[%emt 0:00:05]} d2 {[%emt 0:00:01]} 46. Rf1 {[%emt 0:00:01]} Rb2 {[%emt 0:00:02]} 47. Rd1 {[%emt 0:00:01]} Nc8 {[%emt 0:00:03]} 48. Kd3 {[%emt 0:00:01]} Nb6 {[%emt 0:00:01]} 49. Kc3 {[%emt 0:00:01]} Ra2 {[%emt 0:00:06]} 50. Kb3 {[%emt 0:00:02]} Rxa4 {[%emt 0:00:02]} 51. Rxd2+ {[%emt 0:00:01]} Kc6 {[%emt 0:00:01]} 52. Rc2+ {[%emt 0:00:01]} Kb5 {[%emt 0:00:01]} 53. Re2 {[%emt 0:00:02]} Rxg4 {[%emt 0:00:01]} 54. Re5+ {[%emt 0:00:01]} Kc6 {[%emt 0:00:01]} 55. h5 {[%emt 0:00:01]} gxh5 {[%emt 0:00:01]} 56. Rxh5 {[%emt 0:00:00]} g5 {[%emt 0:00:00]} 57. Rh6+ {[%emt 0:00:01]} Kb5 {[%emt 0:00:01]} 58. Kc3 {[%emt 0:00:01]} Rg3+ {[%emt 0:00:01] Zeit Zeit Zeit Zeit Zeit (Lag: Av=0.41s, max=0.9s) (Lag: Av=0.41s, max=0.9s) (Lag: Av=0.41s, max=0.9s) (Lag: Av=0.41s, max=0.9s) (Lag: Av=0.41s, max=0.9s)} 0-1

[Event "Stay Safe Play From Home 372."]
[Site "Emanuel Lasker Arena"]
[Date "2020.08.10"]
[Round "9"]
[White "SelamiSahin"]
[Black "Haris kollari 13"]
[Result "1-0"]
[WhiteElo "2170"]
[BlackElo "1952"]
[Annotator "NA"]
[PlyCount "35"]
[EventDate "2020.08.10"]
[EventType "swiss (blitz)"]

{Yarar, Atakan} 1. d4 {[%emt 0:00:02]} e6 {[%emt 0:00:00]} 2. c4 {[%emt 0:00:01]} d5 {[%emt 0:00:00]} 3. Nc3 {[%emt 0:00:01]} c6 {[%emt 0:00:01]} 4. Nf3 {[%emt 0:00:01]} Bd6 {[%emt 0:00:01]} 5. g3 {[%emt 0:00:01]} Ne7 {[%emt 0:00:01]} 6. Bg2 {[%emt 0:00:00]} Bd7 {[%emt 0:00:01]} 7. O-O {[%emt 0:00:01]} O-O {[%emt 0:00:01]} 8. b3 {[%emt 0:00:00]} Re8 {[%emt 0:00:01]} 9. Bb2 {[%emt 0:00:01]} Ng6 {[%emt 0:00:01]} 10. e4 {[%emt 0:00:01]} dxe4 {[%emt 0:00:02]} 11. Nxe4 {[%emt 0:00:00]} Be7 {[%emt 0:00:01]} 12. Ne5 {[%emt 0:00:02]} Nxe5 {[%emt 0:00:04]} 13. dxe5 {[%emt 0:00:00]} Na6 {[%emt 0:00:03]} 14. Qg4 {[%emt 0:00:03]} Kh8 {[%emt 0:00:05]} 15. Rfd1 {[%emt 0:00:03]} Qc7 {[%emt 0:00:03]} 16. Nd6 {[%emt 0:00:06]} Bxd6 {[%emt 0:00:03]} 17. exd6 {[%emt 0:00:00]} Qd8 {[%emt 0:00:01]} 18. Qxg7# {[%emt 0:00:01] (Lag: Av=0.53s, max=0.7s) (Lag: Av=0.53s, max=0.7s) (Lag: Av=0.53s, max=0.7s) (Lag: Av=0.53s, max=0.7s) (Lag: Av=0.53s, max=0.7s)} 1-0

[Event "Stay Safe Play From Home 372."]
[Site "Emanuel Lasker Arena"]
[Date "2020.08.10"]
[Round "9"]
[White "Dukic"]
[Black "Greblah"]
[Result "0-1"]
[WhiteElo "1925"]
[BlackElo "1923"]
[PlyCount "66"]
[EventDate "2020.08.10"]
[EventType "swiss (blitz)"]

1. c4 {[%emt 0:00:03]} c6 {[%emt 0:00:00]} 2. Nc3 {[%emt 0:00:01]} d5 {[%emt 0:00:00]} 3. cxd5 {[%emt 0:00:01]} cxd5 {[%emt 0:00:01]} 4. d4 {[%emt 0:00:00]} Nc6 {[%emt 0:00:01]} 5. Nf3 {[%emt 0:00:00]} Nf6 {[%emt 0:00:01]} 6. Bf4 {[%emt 0:00:01]} e6 {[%emt 0:00:01]} 7. e3 {[%emt 0:00:01]} Bd6 {[%emt 0:00:01]} 8. Bg5 {[%emt 0:00:01]} O-O {[%emt 0:00:02]} 9. Bd3 {[%emt 0:00:01]} h6 {[%emt 0:00:02]} 10. Bh4 {[%emt 0:00:01]} Be7 {[%emt 0:00:02]} 11. O-O {[%emt 0:00:01]} a6 {[%emt 0:00:01]} 12. Rc1 {[%emt 0:00:02]} Bd7 {[%emt 0:00:01]} 13. Na4 {[%emt 0:00:03]} b6 {[%emt 0:00:03]} 14. a3 {[%emt 0:00:02]} Na5 {[%emt 0:00:08]} 15. b4 {[%emt 0:00:07]} Nb7 {[%emt 0:00:14]} 16. Ne5 {[%emt 0:00:04]} Bxa4 {[%emt 0:00:07]} 17. Qxa4 {[%emt 0:00:04]} b5 {[%emt 0:00:01]} 18. Qc2 {[%emt 0:00:07]} Nd6 {[%emt 0:00:02]} 19. Nc6 {[%emt 0:00:02]} Qd7 {[%emt 0:00:02]} 20. Qb3 {[%emt 0:00:20]} Nc4 {[%emt 0:00:02]} 21. Nxe7+ {[%emt 0:00:07]} Qxe7 {[%emt 0:00:00]} 22. Rc2 {[%emt 0:00:02]} Rfc8 {[%emt 0:00:07]} 23. Ra1 {[%emt 0:00:04]} Nb6 {[%emt 0:00:14]} 24. f3 {[%emt 0:00:09]} Rxc2 {[%emt 0:00:02]} 25. Qxc2 {[%emt 0:00:02]} Rc8 {[%emt 0:00:01]} 26. Qe2 {[%emt 0:00:03]} Qc7 {[%emt 0:00:09]} 27. Qd2 {[%emt 0:00:20]} Qc3 {[%emt 0:00:01]} 28. Qd1 {[%emt 0:00:07]} Nc4 {[%emt 0:00:06]} 29. e4 {[%emt 0:00:07]} Qxd4+ {[%emt 0:00:05]} 30. Bf2 {[%emt 0:00:03]} Qc3 {[%emt 0:00:09]} 31. exd5 {[%emt 0:00:03]} exd5 {[%emt 0:00:05]} 32. a4 {[%emt 0:00:04]} Nb2 {[%emt 0:00:08]} 33. Bd4 {[%emt 0:00:11]} Qxd4+ {[%emt 0:00:09] Dukic gibt auf Dukic gibt auf Dukic gibt auf Dukic gibt auf Dukic gibt auf (Lag: Av=0.30s, max=0.4s) (Lag: Av=0.30s, max=0.4s) (Lag: Av=0.30s, max=0.4s) (Lag: Av=0.30s, max=0.4s) (Lag: Av=0.30s, max=0.4s)} 0-1

[Event "Stay Safe Play From Home 372."]
[Site "Emanuel Lasker Arena"]
[Date "2020.08.10"]
[Round "9"]
[White "Kongle"]
[Black "ionelluca"]
[Result "0-1"]
[WhiteElo "1669"]
[BlackElo "1942"]
[PlyCount "132"]
[EventDate "2020.08.10"]
[EventType "swiss (blitz)"]

1. d4 {[%emt 0:00:03]} Nf6 {[%emt 0:00:01]} 2. c4 {[%emt 0:00:01]} e6 {[%emt 0:00:01]} 3. Nc3 {[%emt 0:00:00]} Bb4 {[%emt 0:00:01]} 4. Bg5 {[%emt 0:00:01]} c5 {[%emt 0:00:01]} 5. e3 {[%emt 0:00:01]} Nc6 {[%emt 0:00:02]} 6. Nf3 {[%emt 0:00:03]} cxd4 {[%emt 0:00:01]} 7. exd4 {[%emt 0:00:02]} Qa5 {[%emt 0:00:01]} 8. Bd2 {[%emt 0:00:03]} d5 {[%emt 0:00:01]} 9. Be2 {[%emt 0:00:06]} Qc7 {[%emt 0:00:04]} 10. O-O {[%emt 0:00:06]} Bxc3 {[%emt 0:00:01]} 11. Bxc3 {[%emt 0:00:04]} Ne4 {[%emt 0:00:01]} 12. cxd5 {[%emt 0:00:03]} Nxc3 {[%emt 0:00:01]} 13. bxc3 {[%emt 0:00:01]} exd5 {[%emt 0:00:01]} 14. Re1 {[%emt 0:00:02]} O-O {[%emt 0:00:01]} 15. Rc1 {[%emt 0:00:01]} Qf4 {[%emt 0:00:02]} 16. Bd3 {[%emt 0:00:05]} Bf5 {[%emt 0:00:10]} 17. Bxf5 {[%emt 0:00:02]} Qxf5 {[%emt 0:00:02]} 18. Qb3 {[%emt 0:00:03]} b6 {[%emt 0:00:05]} 19. Qb5 {[%emt 0:00:04]} Rac8 {[%emt 0:00:01]} 20. Ne5 {[%emt 0:00:03]} Na5 {[%emt 0:00:06]} 21. Qxd5 {[%emt 0:00:04]} h6 {[%emt 0:00:01]} 22. Re3 {[%emt 0:00:07]} Rfd8 {[%emt 0:00:02]} 23. Qe4 {[%emt 0:00:09]} Qe6 {[%emt 0:00:11]} 24. Rf3 {[%emt 0:00:05]} f6 {[%emt 0:00:04]} 25. Qg4 {[%emt 0:00:20]} Qxg4 {[%emt 0:00:06]} 26. Nxg4 {[%emt 0:00:02]} Rxd4 {[%emt 0:00:01]} 27. Ne3 {[%emt 0:00:04]} Rd3 {[%emt 0:00:04]} 28. c4 {[%emt 0:00:05]} Nxc4 {[%emt 0:00:07]} 29. Nxc4 {[%emt 0:00:08]} Rxc4 {[%emt 0:00:02]} 30. Re1 {[%emt 0:00:13]} Rxf3 {[%emt 0:00:01]} 31. gxf3 {[%emt 0:00:01]} Ra4 {[%emt 0:00:01]} 32. Re2 {[%emt 0:00:01]} Ra3 {[%emt 0:00:05]} 33. Kg2 {[%emt 0:00:01]} Kf7 {[%emt 0:00:01]} 34. h4 {[%emt 0:00:01]} h5 {[%emt 0:00:02]} 35. Rc2 {[%emt 0:00:02]} b5 {[%emt 0:00:03]} 36. Kg3 {[%emt 0:00:01]} Kg6 {[%emt 0:00:02]} 37. Kf4 {[%emt 0:00:01]} Ra4+ {[%emt 0:00:02]} 38. Kg3 {[%emt 0:00:01]} Rc4 {[%emt 0:00:01]} 39. Rb2 {[%emt 0:00:02]} a6 {[%emt 0:00:01]} 40. Rd2 {[%emt 0:00:03]} Kf5 {[%emt 0:00:03]} 41. Rd6 {[%emt 0:00:01]} Ra4 {[%emt 0:00:05]} 42. Rd2 {[%emt 0:00:04]} Ke5 {[%emt 0:00:01]} 43. Re2+ {[%emt 0:00:01]} Kd6 {[%emt 0:00:02]} 44. Rd2+ {[%emt 0:00:01]} Kc6 {[%emt 0:00:01]} 45. Rc2+ {[%emt 0:00:01]} Rc4 {[%emt 0:00:01]} 46. Rd2 {[%emt 0:00:01]} a5 {[%emt 0:00:03]} 47. Re2 {[%emt 0:00:01]} Kd6 {[%emt 0:00:04]} 48. Rd2+ {[%emt 0:00:02]} Ke6 {[%emt 0:00:01]} 49. Re2+ {[%emt 0:00:02]} Kf7 {[%emt 0:00:01]} 50. Rd2 {[%emt 0:00:01]} a4 {[%emt 0:00:01]} 51. Rd7+ {[%emt 0:00:02]} Kg6 {[%emt 0:00:02]} 52. Rd5 {[%emt 0:00:03]} Rb4 {[%emt 0:00:01]} 53. a3 {[%emt 0:00:03]} Rb3 {[%emt 0:00:01]} 54. Rc5 {[%emt 0:00:01]} Rxa3 {[%emt 0:00:03]} 55. Rxb5 {[%emt 0:00:01]} Ra1 {[%emt 0:00:01]} 56. Ra5 {[%emt 0:00:01]} a3 {[%emt 0:00:01]} 57. f4 {[%emt 0:00:01]} a2 {[%emt 0:00:02]} 58. Kf3 {[%emt 0:00:01]} Kf7 {[%emt 0:00:02]} 59. f5 {[%emt 0:00:01]} Ke7 {[%emt 0:00:01]} 60. Ra7+ {[%emt 0:00:02]} Kd6 {[%emt 0:00:01]} 61. Ra3 {[%emt 0:00:01]} Ke5 {[%emt 0:00:02]} 62. Re3+ {[%emt 0:00:01]} Kxf5 {[%emt 0:00:01]} 63. Ra3 {[%emt 0:00:01]} Ke5 {[%emt 0:00:01]} 64. Ra5+ {[%emt 0:00:00]} Kd4 {[%emt 0:00:01]} 65. Ra4+ {[%emt 0:00:01]} Kc3 {[%emt 0:00:01]} 66. Ra7 {[%emt 0:00:00]} Kd4 {[%emt 0:00:03] Time Time Time Time Time (Lag: Av=0.64s, max=1.3s) (Lag: Av=0.64s, max=1.3s) (Lag: Av=0.64s, max=1.3s) (Lag: Av=0.64s, max=1.3s) (Lag: Av=0.64s, max=1.3s)} 0-1

[Event "Stay Safe Play From Home 372."]
[Site "Emanuel Lasker Arena"]
[Date "2020.08.10"]
[Round "9"]
[White "Timbre"]
[Black "Padmaesh M K"]
[Result "1-0"]
[WhiteElo "1650"]
[BlackElo "1925"]
[PlyCount "65"]
[EventDate "2020.08.10"]
[EventType "swiss (blitz)"]

1. d4 {[%emt 0:00:13]} Nf6 {[%emt 0:00:02]} 2. Nf3 {[%emt 0:00:01]} g6 {[%emt 0:00:01]} 3. c3 {[%emt 0:00:01]} Bg7 {[%emt 0:00:01]} 4. Bf4 {[%emt 0:00:01]} O-O {[%emt 0:00:00]} 5. e3 {[%emt 0:00:01]} d6 {[%emt 0:00:00]} 6. Be2 {[%emt 0:00:01]} Nbd7 {[%emt 0:00:00]} 7. Nbd2 {[%emt 0:00:01]} e5 {[%emt 0:00:01]} 8. dxe5 {[%emt 0:00:05]} dxe5 {[%emt 0:00:01]} 9. Nxe5 {[%emt 0:00:02]} Nd5 {[%emt 0:00:04]} 10. Nxd7 {[%emt 0:00:03]} Bxd7 {[%emt 0:00:01]} 11. Bg3 {[%emt 0:00:02]} Bc6 {[%emt 0:00:06]} 12. O-O {[%emt 0:00:02]} h5 {[%emt 0:00:03]} 13. Nf3 {[%emt 0:00:04]} Bf6 {[%emt 0:00:02]} 14. h3 {[%emt 0:00:02]} Ne7 {[%emt 0:00:04]} 15. Qc2 {[%emt 0:00:05]} Nf5 {[%emt 0:00:02]} 16. Bh2 {[%emt 0:00:03]} Qe7 {[%emt 0:00:06]} 17. Nd4 {[%emt 0:00:03]} Nxd4 {[%emt 0:00:04]} 18. cxd4 {[%emt 0:00:02]} Rad8 {[%emt 0:00:01]} 19. Qd1 {[%emt 0:00:05]} Bg5 {[%emt 0:00:01]} 20. Bf3 {[%emt 0:00:02]} Bxe3 {[%emt 0:00:08]} 21. Bxc6 {[%emt 0:00:05]} bxc6 {[%emt 0:00:04]} 22. fxe3 {[%emt 0:00:02]} Qxe3+ {[%emt 0:00:00]} 23. Kh1 {[%emt 0:00:01]} Rxd4 {[%emt 0:00:02]} 24. Qb3 {[%emt 0:00:05]} Qg5 {[%emt 0:00:10]} 25. Rf3 {[%emt 0:00:11]} Rd2 {[%emt 0:00:02]} 26. Rg3 {[%emt 0:00:03]} Qf6 {[%emt 0:00:07]} 27. Rg1 {[%emt 0:00:15]} Rc8 {[%emt 0:00:02]} 28. Rf3 {[%emt 0:00:06]} Qg5 {[%emt 0:00:04]} 29. Qxf7+ {[%emt 0:00:05]} Kh8 {[%emt 0:00:01]} 30. Qe6 {[%emt 0:00:09]} Rg8 {[%emt 0:00:06]} 31. Be5+ {[%emt 0:00:03]} Kh7 {[%emt 0:00:01]} 32. Rf7+ {[%emt 0:00:03]} Kh6 {[%emt 0:00:04]} 33. Bf4 {[%emt 0:00:02] Padmaesh M K resigns Padmaesh M K resigns Padmaesh M K resigns Padmaesh M K resigns Padmaesh M K resigns (Lag: Av=0.39s, max=0.7s) (Lag: Av=0.39s, max=0.7s) (Lag: Av=0.39s, max=0.7s) (Lag: Av=0.39s, max=0.7s) (Lag: Av=0.39s, max=0.7s)} 1-0